Fray Luis de León / [por] Manuel Fernández Alvarez

में बचाया:
ग्रंथसूची विवरण
मुख्य लेखक: Fernández Alvarez, Manuel (autor)
स्वरूप: पुस्तक
श्रृंखला:Col. "Biografias espasa"
विषय:
टैग: टैग जोड़ें
कोई टैग नहीं, इस रिकॉर्ड को टैग करने वाले पहले व्यक्ति बनें!

MARC

LEADER 00000nam^a2200000^u^4500
001 000539858
005 20250521000000.0
008 060220s1000^^^^^^^^^^^^r^^^^^000^0^spa^d
009 20260310131151.701
035 |a FMI 000007560 
037 |a Acervo Xavier Clavigero 
096 |a 3.6.2/29/D 
100 |a Fernández Alvarez, Manuel  |e (autor) 
245 1 0 |a Fray Luis de León / [por] Manuel Fernández Alvarez 
264 |a Madrid : Espasa-Calpe, 1991 
300 |a 280 p. 
336 |a texto  |b txt  |2 rdacontenido 
337 |a sin mediación  |b n  |2 rdamedio 
338 |a volumen  |b nc  |2 rdasoporte 
440 0 |a Col. "Biografias espasa" 
597 |a La poda floreciente (1591-1991) 
649 |a XX 
650 |a PERSONAJES CELEBRES 
910 |a Fondo Francisco Migoya Covarrubias S.J. 
920 |a Impresos - Libros 
930 |a Fondos Especiales 
905 |a 134 
901 |a SBC15523  |b IT2  |c ESP  |u 20250521 
902 |a https://opac.biblio.iteso.mx/vufind/Record/000539858